[Event "EU-ch Online 2300+ Qual"]
[Site "Chess.com INT"]
[Date "2020.05.29"]
[Round "4"]
[White "Slizunkov, Dmitry"]
[Black "Dobre, Claudiu Cristian"]
[Result "1/2-1/2"]
[WhiteElo "2120"]
[BlackElo "2314"]
[PlyCount "173"]
[EventDate "2020.05.29"]
[EventType "swiss"]
[EventRounds "8"]
[EventCountry "NET"]
[SourceTitle "CBM 196 Extra"]
[Source "ChessBase"]
[SourceDate "2020.07.31"]
[SourceVersion "1"]
[SourceVersionDate "2020.07.31"]
[SourceQuality "1"]

1. e4 Nc6 2. Nc3 e5 3. Nf3 Nf6 4. a3 d6 5. d4 Be7 6. Be2 0-0 7. 0-0 Bg4 8. Be3 Bxf3 9. Bxf3 exd4 10. Bxd4 Nxd4 11. Qxd4 c6 12. Rfe1 Qb6 13. Qxb6 axb6 14. e5 dxe5 15. Rxe5 Bd6 16. Re2 Rfe8 17. Rae1 Rxe2 18. Rxe2 b5 19. g3 Kf8 20. Rd2 Be5 21. Nd1 Ke7 22. c3 Nd7 23. Kg2 Nb6 24. Re2 Kd6 25. Be4 g6 26. f4 Bg7 27. f5 Re8 28. Rd2+ Kc7 29. Bd3 Rd8 30. Nf2 Re8 31. fxg6 hxg6 32. Re2 Rxe2 33. Bxe2 Na4 34. Nd3 c5 35. Bd1 Kd6 36. Kf2 c4 37. Bxa4 bxa4 38. Nf4 Ke5 39. Kf3 g5 40. Nh5 Bh6 41. g4 Bf8 42. Ng3 f6 43. Nf5 Bc5 44. h4 gxh4 45. Nxh4 b5 46. Ng6+ Ke6 47. Ke4 Bf2 48. Nf4+ Kd6 49. Nd5 Bh4 50. Ne3 Bg5 51. Nf5+ Kc5 52. Ne3 Kc6 53. Kd4 Bh6 54. Nd5 Bc1 55. Nxf6 Bxb2 56. g5 b4 57. axb4 a3 58. g6 a2 59. g7 a1Q 60. g8Q Bxc3+ 61. Kxc4 Qa2+ 62. Kxc3 Qa1+ 63. Kc4 Qxf6 64. Qd5+ Kb6 65. Qc5+ Kb7 66. Qb5+ Kc7 67. Kb3 Qa1 68. Qc5+ Kb7 69. Qd5+ Kb6 70. Qe6+ Kb7 71. Qe7+ Kb6 72. Qc5+ Kb7 73. Kc4 Qf1+ 74. Kd4 Qf2+ 75. Kd5 Qxc5+ 76. Kxc5 Kc7 77. Kb5 Kb7 78. Ka5 Ka7 79. b5 Kb7 80. b6 Kb8 81. Kb5 Kb7 82. Kc5 Kb8 83. Kc4 Kb7 84. Kb5 Kb8 85. Kc6 Kc8 86. b7+ Kb8 87. Kb6 1/2-1/2

[Event "Aksu"]
[Site "Aksu Pavlodar"]
[Date "2019.10.22"]
[Round "6"]
[White "Urazayev, Arystanbek"]
[Black "Slizunkov, Dmitry"]
[Result "1-0"]
[WhiteElo "2420"]
[BlackElo "2146"]
[PlyCount "71"]
[EventDate "2019.10.17"]
[EventType "tourn"]
[EventRounds "9"]
[EventCountry "KAZ"]
[SourceTitle "CBM 192 Extra"]
[Source "Chessbase"]
[SourceDate "2019.11.06"]
[SourceVersion "1"]
[SourceVersionDate "2019.11.06"]
[SourceQuality "1"]

1. e4 c5 2. Nf3 Nc6 3. d4 cxd4 4. Nxd4 Nf6 5. Nc3 e5 6. Ndb5 d6 7. Nd5 Nxd5 8. exd5 Nb8 9. Be2 Be7 10. a4 0-0 11. 0-0 Nd7 12. Be3 a6 13. Na7 f5 14. Nxc8 Rxc8 15. f3 Bg5 16. Bf2 Qf6 17. a5 Qh6 18. Ra3 Bd2 19. Kh1 Rc7 20. Ra4 g6 21. c3 Be3 22. Be1 Bf4 23. g3 Be3 24. Kg2 Nf6 25. b4 Qg5 26. c4 f4 27. h4 Qf5 28. g4 Qc8 29. c5 dxc5 30. d6 Rc6 31. g5 Nd7 32. Qd5+ Kg7 33. b5 axb5 34. Bxb5 Bd4 35. Bxc6 bxc6 36. Qc4 1-0

[Event "Barnaul Altay-ch"]
[Site "Barnaul"]
[Date "2015.01.05"]
[Round "3"]
[White "Reutov, Anton"]
[Black "Slizunkov, Dmitry"]
[Result "1-0"]
[WhiteElo "2056"]
[BlackElo "2052"]
[PlyCount "47"]
[EventDate "2015.01.03"]
[EventType "swiss"]
[EventRounds "9"]
[EventCountry "RUS"]
[SourceTitle "CBM 164 Extra"]
[Source "ChessBase"]
[SourceDate "2015.03.02"]
[SourceVersion "1"]
[SourceVersionDate "2015.03.02"]
[SourceQuality "1"]

1. e4 e6 2. d4 d5 3. exd5 exd5 4. Nf3 Bd6 5. c4 c6 6. Nc3 Ne7 7. c5 Bc7 8. Bd3 Bf5 9. 0-0 0-0 10. b4 Bg6 11. a4 Nf5 12. Bg5 f6 13. Bd2 Re8 14. Qc2 Qd7 15. b5 b6 16. Rfe1 Rxe1+ 17. Rxe1 bxc5 18. dxc5 Ba5 19. bxc6 Nxc6 20. Nxd5 Nfd4 21. Nxd4 Nxd4 22. Qc4 Bxd3 23. Qxd4 Rd8 24. Bxa5 1-0

[Event "Barnaul Altay-ch"]
[Site "Barnaul"]
[Date "2015.01.04"]
[Round "2"]
[White "Slizunkov, Dmitry"]
[Black "Ovchinnikov, Sergei"]
[Result "1/2-1/2"]
[WhiteElo "2052"]
[BlackElo "1785"]
[PlyCount "96"]
[EventDate "2015.01.03"]
[EventType "swiss"]
[EventRounds "9"]
[EventCountry "RUS"]
[SourceTitle "CBM 164 Extra"]
[Source "ChessBase"]
[SourceDate "2015.03.02"]
[SourceVersion "1"]
[SourceVersionDate "2015.03.02"]
[SourceQuality "1"]

1. d4 Nf6 2. c4 e6 3. Nf3 d5 4. Nc3 Bb4 5. Qa4+ Nc6 6. Bg5 Bd7 7. Qb3 dxc4 8. Qxc4 0-0 9. e3 h6 10. Bh4 g5 11. Bg3 Ne4 12. Bd3 Nd6 13. Qb3 Rb8 14. Ne5 Nxe5 15. dxe5 Bxc3+ 16. Qxc3 Nf5 17. Bxf5 exf5 18. e6 Bc6 19. h4 g4 20. Qe5 fxe6 21. Qxe6+ Kh7 22. 0-0 Qd5 23. Qxd5 Bxd5 24. Rfd1 Be6 25. Bxc7 Rbc8 26. Be5 Rfd8 27. a3 Bb3 28. Rxd8 Rxd8 29. Rc1 Rd1+ 30. Rxd1 Bxd1 31. Kh2 Kg6 32. Kg3 Bc2 33. Kf4 a6 34. b4 Kf7 35. h5 Be4 36. f3 gxf3 37. gxf3 Bc2 38. Bd6 Bd3 39. a4 Be2 40. Be5 Bd3 41. Bc3 Be2 42. Bd2 Bd3 43. Bc1 Be2 44. a5 Bd3 45. Ke5 Be2 46. e4 Bxf3 47. Kxf5 Bxh5 48. Bxh6 Bf3 1/2-1/2